[Event "M-Tel Sofia BUL"]
[Site "?"]
[Date "2006.05.20"]
[Round "9"]
[White "Anand, Viswanathan"]
[Black "Svidler, Peter"]
[Result "1/2-1/2"]
[WhiteElo "2803"]
[BlackElo "2743"]
[PlyCount "79"]
[EventDate "2006.??.??"]

1. e4 e5 2. Nf3 Nc6 3. Bb5 a6 4. Ba4 Nf6 5. O-O Be7 6. Re1 b5 7. Bb3 O-O 8. h3
Bb7 9. d3 d6 10. a4 Na5 11. Ba2 c5 12. Nbd2 Bc8 13. Nf1 Bd7 14. Ne3 bxa4 15.
Nd2 Rb8 16. c3 Bb5 17. Nf5 Ne8 18. Nc4 Nb3 19. Bxb3 axb3 20. Qxb3 Bf6 21. Qd1
g6 22. Nfe3 Nc7 23. Nd2 Bg5 24. c4 Bxe3 25. Rxe3 Bc6 26. Nf1 f5 27. exf5 gxf5
28. Rg3+ Kh8 29. f4 Qf6 30. Qh5 Rg8 31. fxe5 dxe5 32. Bg5 Qe6 33. Re1 Rxb2 34.
Nh2 f4 35. Rg4 Qf5 36. Qh6 Rg6 37. Rxe5 Rb1+ 38. Kf2 Rb2+ 39. Kg1 Rb1+ 40. Kf2
1/2-1/2

[Event "M-Tel Sofia BUL"]
[Site "?"]
[Date "2006.05.20"]
[Round "9"]
[White "Kamsky, Gata"]
[Black "Topalov, Veselin"]
[Result "0-1"]
[WhiteElo "2671"]
[BlackElo "2804"]
[PlyCount "58"]
[EventDate "2006.??.??"]

1. e4 c5 2. Nf3 d6 3. d4 cxd4 4. Nxd4 Nf6 5. Nc3 a6 6. Bg5 e6 7. f4 Qb6 8. Nb3
Be7 9. Qf3 Nbd7 10. O-O-O Qc7 11. Bd3 b5 12. Rhe1 Bb7 13. Qh3 b4 14. Nb1 e5 15.
N1d2 a5 16. Kb1 a4 17. Nc1 O-O 18. Ne2 Rfc8 19. Ng3 g6 20. Nc4 Ba6 21. b3 axb3
22. cxb3 Nc5 23. Ne2 Nfxe4 24. Bxe7 Qxe7 25. Bxe4 Nxe4 26. Nb6 Qa7 27. Nxa8
Rxa8 28. a4 Bxe2 29. Rc1 Qd4 0-1

[Event "M-Tel Sofia BUL"]
[Site "?"]
[Date "2006.05.21"]
[Round "10"]
[White "Svidler, Peter"]
[Black "Kamsky, Gata"]
[Result "1/2-1/2"]
[WhiteElo "2743"]
[BlackElo "2671"]
[PlyCount "67"]
[EventDate "2006.??.??"]

1. e4 e5 2. Nf3 Nc6 3. Bb5 a6 4. Ba4 Nf6 5. O-O Be7 6. Re1 b5 7. Bb3 O-O 8. h3
Bb7 9. d3 d6 10. a3 Qd7 11. Nc3 Rfe8 12. Nd5 Nxd5 13. exd5 Nd4 14. Nxd4 exd4
15. a4 Bf6 16. axb5 axb5 17. Rxa8 Bxa8 18. Bd2 Bb7 19. Re4 Rxe4 20. dxe4 c5 21.
dxc6 Bxc6 22. Qf3 Be5 23. g4 h6 24. Kg2 Qb7 25. Bd5 Bxd5 26. exd5 g5 27. b3 Kg7
28. Qe4 Qc8 29. Kf3 f6 30. Qf5 Qb7 31. Qe4 Qc8 32. Qf5 Qb7 33. Qe4 Qc8 34. Qf4
1/2-1/2